Schopenhauer (Record no. 84900)

MARC details
000 -LEADER
fixed length control field 00703 a2200241 4500
003 - CONTROL NUMBER IDENTIFIER
control field CBULib
005 - DATE AND TIME OF LATEST TRANSACTION
control field 20240515150234.0
008 - FIXED-LENGTH DATA ELEMENTS--GENERAL INFORMATION
fixed length control field 240418b |||||||| |||| 00| 0 eng d
020 ## - INTERNATIONAL STANDARD BOOK NUMBER
International Standard Book Number 9780192876850
040 ## - CATALOGING SOURCE
Language of cataloging English
Transcribing agency CBULib
Description conventions rda
041 ## - LANGUAGE CODE
Language code of text/sound track or separate title eng
050 ## - LIBRARY OF CONGRESS CALL NUMBER
Classification number B 3148 Jan
100 ## - MAIN ENTRY--PERSONAL NAME
Personal name Janaway, Christopher
9 (RLIN) 2846
245 ## - TITLE STATEMENT
Title Schopenhauer
Statement of responsibility, etc / by Christopher Janaway
260 ## - PUBLICATION, DISTRIBUTION, ETC. (IMPRINT)
Name of publisher, distributor, etc Oxford University Press,
Date of publication, distribution, etc 1994.
Place of publication, distribution, etc Oxford :
300 ## - PHYSICAL DESCRIPTION
Extent ix,113 pages
336 ## - CONTENT TYPE
Source rdacontent
Content type term Text |
Content type code txt
337 ## - MEDIA TYPE
Source rdamedia
Media type term Unmediated |
Media type code n
338 ## - CARRIER TYPE
Source rdacarrier
Carrier type term Volume
Carrier type code nc
490 ## - SERIES STATEMENT
Series statement Past masters
650 #0 - SUBJECT ADDED ENTRY--TOPICAL TERM
Source of heading or term Library of Congress
9 (RLIN) 2848
Topical term or geographic name as entry element SCHOPENHAUER,ARTHUR,1788-1860
942 ## - ADDED ENTRY ELEMENTS (KOHA)
Source of classification or shelving scheme
Koha item type MONOGRAPH
Holdings
Withdrawn status Lost status Source of classification or shelving scheme Damaged status Not for loan Collection code Permanent Location Current Location Shelving location Date acquired Source of acquisition Cost, normal purchase price Total Checkouts Full call number Barcode Date last seen Copy number Price effective from Koha item type
          Main Library Open Access Collection CBU-MAIN LIBRARY, KITWE. CBU-MAIN LIBRARY, KITWE. General Stacks 04/18/2024 DON-BOOKAID 6.99   B 3148 Jan 752593 04/18/2024 1 04/18/2024 MONOGRAPH